Bekendste landen van de Wereld - Statistieken

Algemene statistieken
  • Deze quiz is 166 keer genomen
    14 sinds de laatste reset
  • De gemiddelde score is 35 van 41
Antwoordstatistieken
Antwoord % Correct
België
100%
China
100%
Frankrijk
100%
Italië
100%
Nederland
100%
Portugal
100%
Rusland
100%
Verenigde Staten
100%
Verenigd Koninkrijk
100%
Argentinië
92%
Australië
92%
Brazilië
92%
Canada
92%
Denemarken
92%
Duitsland
92%
Finland
92%
Griekenland
92%
Japan
92%
Noorwegen
92%
Spanje
92%
Turkije
92%
Zuid- Korea
92%
Zweden
92%
Irak
85%
Iran
85%
Mexico
85%
Noord-Korea
85%
Oekraïne
85%
Oostenrijk
85%
Zwitserland
85%
Estland
77%
Ierland
77%
Indonesië
77%
Israël
77%
Letland
77%
Litouwen
77%
Marokko
77%
Polen
77%
Luxemburg
54%
Vaticaanstad
54%
Monaco
31%
Geen overeenkomende quizzen gevonden
Scoreverdeling
Procent van Mensen met Elke Score
Percentiel versus Aantal Correcte Antwoorden
Uw Scoregeschiedenis
U heeft deze quiz nog niet genomen sinds de laatste reset